=LDR 00000nam 2200000 4500 =001 INLIS000000000035881 =005 20130612141714 =008 ***********************************Ind** =035 ##$$0010-061300000035881 =041 ##$$a Ind =082 ##$$a 650.07 =090 ##$$a 650.07, Soj =100 ##$$a Sojanah, Janah =245 ##$$a Penuntun Belajar Pengantar Bisnis, berdasar kurikulum 1984 =260 ##$$a Ganesa Exact $b Bandung =300 ##$$a 123 hlm, 22 cm =850 ##$$a NBPNMAT =990 ##$$a 20703146